[Event "Rottach Egern Seniors Cup 9th"]
[Site "Rottach Egern"]
[Date "2021.10.24"]
[Round "3"]
[White "Koehler, Gerhard"]
[Black "Haubt, Georg"]
[Result "1-0"]
[WhiteElo "2176"]
[BlackElo "2114"]
[PlyCount "73"]
[EventDate "2021.10.22"]
[EventType "swiss"]
[EventRounds "7"]
[EventCountry "GER"]
[SourceTitle "CBM 204 Extra"]
[Source "ChessBase"]
[SourceDate "2021.11.30"]
[SourceVersion "1"]
[SourceVersionDate "2021.11.30"]
[SourceQuality "1"]

1. c4 e5 2. g3 Nf6 3. Bg2 Nc6 4. Nc3 Bb4 5. Nd5 Nxd5 6. cxd5 Ne7 7. Qa4 Bd6 8. d3 c6 9. dxc6 dxc6 10. Nf3 0-0 11. 0-0 h6 12. Bd2 Be6 13. Bc3 Qc7 14. Rfd1 b5 15. Qc2 b4 16. Be1 Qb6 17. Nd2 Rac8 18. Nc4 Qc5 19. Rac1 Bb8 20. Qa4 Qb5 21. Qxb4 Nf5 22. e3 Rfd8 23. a4 Qxb4 24. Bxb4 c5 25. Bc3 Re8 26. Bb7 Rc7 27. Be4 Bxc4 28. dxc4 g6 29. Bxf5 gxf5 30. Bxe5 Rb7 31. Bc3 Re4 32. Rd5 Rxc4 33. Rcd1 Bc7 34. Rxf5 Bb6 35. a5 Bxa5 36. Bxa5 Rxb2 37. Bc7 1-0

[Event "BL2-West 1819"]
[Site "Germany"]
[Date "2019.01.20"]
[Round "5.6"]
[White "Haubt, Georg"]
[Black "Marcziter, Dmitrii"]
[Result "0-1"]
[WhiteElo "2153"]
[BlackElo "2242"]
[PlyCount "64"]
[EventDate "2018.11.21"]
[EventType "team-tourn"]
[EventRounds "9"]
[EventCountry "GER"]
[SourceTitle "CBM 190 Extra"]
[Source "ChessBase"]
[SourceDate "2019.07.15"]
[SourceVersion "1"]
[SourceVersionDate "2019.07.15"]
[SourceQuality "1"]
[WhiteTeam "Oberursel"]
[BlackTeam "Aachen DJK II"]
[WhiteTeamCountry "GER"]
[BlackTeamCountry "GER"]

1. d4 Nf6 2. Bf4 d5 3. e3 c5 4. Nc3 a6 5. dxc5 Nc6 6. Nf3 Bg4 7. h3 Bxf3 8. Qxf3 e6 9. Be2 Bxc5 10. Qg3 Bb4 11. 0-0 Qe7 12. Qxg7 Rg8 13. Qh6 0-0-0 14. Bd3 Ne8 15. Bg3 Bd6 16. Ne2 Bxg3 17. fxg3 f5 18. Nf4 Nc7 19. Kh2 Rg5 20. Ne2 Rdg8 21. Qh4 Rxg3 22. Qxg3 Rxg3 23. Nxg3 Qd6 24. Rf4 d4 25. Rh4 Qe7 26. Rh6 dxe3 27. Re1 Kb8 28. Nh5 Nd5 29. c4 Ndb4 30. Bb1 Qd6+ 31. Ng3 Qd2 32. Rg1 Nd4 0-1

[Event "Wch Seniors 65 28th"]
[Site "Bled"]
[Date "2018.11.19"]
[Round "2"]
[White "Renman, Nils Gustaf"]
[Black "Haubt, Georg"]
[Result "1-0"]
[WhiteElo "2351"]
[BlackElo "2136"]
[PlyCount "62"]
[EventDate "2018.11.18"]
[EventType "swiss"]
[EventRounds "11"]
[EventCountry "SLO"]
[SourceTitle "CBM 187 Extra"]
[Source "ChessBase"]
[SourceDate "2018.11.04"]
[SourceVersion "1"]
[SourceVersionDate "2018.11.04"]
[SourceQuality "1"]

1. d4 Nf6 2. Nf3 e6 3. c4 c5 4. d5 exd5 5. cxd5 d6 6. Nc3 g6 7. e4 Bg7 8. Nd2 0-0 9. Be2 Nbd7 10. 0-0 Ne5 11. Nb3 Qb6 12. h3 h6 13. Be3 g5 14. Qc2 Bd7 15. Nd2 Qd8 16. f4 gxf4 17. Bxf4 Ne8 18. Nf3 f5 19. Qd2 Qf6 20. Nxe5 dxe5 21. Be3 b6 22. exf5 Bxf5 23. g4 Qg6 24. Kh2 Bd7 25. Bd3 Qd6 26. Rxf8+ Bxf8 27. Rf1 Nf6 28. Qg2 Bg7 29. Ne4 Qe7 30. d6 Nxg4+ 31. Qxg4 Qd8 1-0

[Event "WchT Seniors 65"]
[Site "Dresden"]
[Date "2018.07.08"]
[Round "2.7"]
[White "Baum, Bernd"]
[Black "Haubt, Georg"]
[Result "1/2-1/2"]
[WhiteElo "2280"]
[BlackElo "2149"]
[PlyCount "41"]
[EventDate "2018.07.07"]
[EventType "team-swiss"]
[EventRounds "9"]
[EventCountry "GER"]
[SourceTitle "CBM 185 Extra"]
[Source "ChessBase"]
[SourceDate "2018.07.29"]
[SourceVersion "1"]
[SourceVersionDate "2018.07.29"]
[SourceQuality "1"]
[WhiteTeam "Germany III"]
[BlackTeam "Hessen"]
[WhiteTeamCountry "GER"]
[BlackTeamCountry "GER"]

1. c4 c5 2. g3 Nf6 3. Bg2 d5 4. cxd5 Nxd5 5. Nc3 Nc7 6. d3 e5 7. Nf3 Nc6 8. 0-0 Be7 9. Nd2 Nd4 10. Nc4 f6 11. e3 Nc6 12. Qh5+ g6 13. Qe2 Bf5 14. Rd1 Qd7 15. a4 Rd8 16. Nb5 Nb4 17. e4 Be6 18. Nxc7+ Qxc7 19. Bh6 Bf8 20. Be3 Bg7 21. Rac1 1/2-1/2

[Event "Wch Seniors 65 27th"]
[Site "Acqui Terme"]
[Date "2017.11.09"]
[Round "3"]
[White "Renman, Nils Gustaf"]
[Black "Haubt, Georg"]
[Result "1-0"]
[WhiteElo "2368"]
[BlackElo "2195"]
[PlyCount "67"]
[EventDate "2017.11.07"]
[EventType "swiss"]
[EventRounds "11"]
[EventCountry "ITA"]
[SourceTitle "CBM 181 Extra"]
[Source "ChessBase"]
[SourceDate "2017.12.12"]
[SourceVersion "1"]
[SourceVersionDate "2017.12.12"]
[SourceQuality "1"]

1. d4 d5 2. Nf3 Nc6 3. e3 Bg4 4. Be2 Nf6 5. c4 e6 6. h3 Bh5 7. Qb3 Bb4+ 8. Nc3 dxc4 9. Qxc4 0-0 10. 0-0 Re8 11. Rd1 Qe7 12. Bd2 a6 13. a3 Bxc3 14. Bxc3 Ne4 15. Be1 Rad8 16. Rac1 Ng5 17. Nxg5 Bxe2 18. Qxe2 Qxg5 19. Rc4 Rd7 20. Rdc1 Qd8 21. Rxc6 bxc6 22. Qxa6 e5 23. Bc3 e4 24. Bb4 f5 25. Qxc6 f4 26. Rc5 fxe3 27. fxe3 Rf7 28. Rd5 Qc8 29. Re5 Rxe5 30. dxe5 h6 31. e6 Rf6 32. Qd7 Qa6 33. e7 Qf1+ 34. Kh2 1-0

[Event "Oberliga Ost-B 1718"]
[Site "Germany"]
[Date "2017.10.22"]
[Round "1.5"]
[White "Haubt, Georg"]
[Black "Rolle, Eric"]
[Result "0-1"]
[WhiteElo "2183"]
[BlackElo "2196"]
[PlyCount "130"]
[EventDate "2017.10.22"]
[EventType "team-tourn"]
[EventRounds "11"]
[EventCountry "GER"]
[SourceTitle "EXT 2019"]
[Source "ChessBase"]
[SourceDate "2018.10.10"]
[SourceVersion "1"]
[SourceVersionDate "2018.10.10"]
[SourceQuality "1"]
[WhiteTeam "Oberursel"]
[BlackTeam "Marburg"]
[WhiteTeamCountry "GER"]
[BlackTeamCountry "GER"]

1. d4 d6 2. Nf3 Bg4 3. e3 Nd7 4. Bc4 e6 5. h3 Bh5 6. Bb3 Be7 7. c4 Ngf6 8. Nc3 e5 9. Bc2 c6 10. 0-0 0-0 11. b4 d5 12. g4 Bxb4 13. Bd2 Nxg4 14. hxg4 Bxg4 15. cxd5 cxd5 16. e4 exd4 17. Nxd5 Ne5 18. Bg5 Nxf3+ 19. Qxf3 Qxg5 20. Qg3 Bd6 21. f4 Qh5 22. Kg2 f5 23. e5 Bc5 24. Bb3 Kh8 25. Rh1 Qg6 26. Rae1 Bh5 27. e6 Rac8 28. Ba4 Qxg3+ 29. Kxg3 Be8 30. Bb3 Bc6 31. Rh2 Bxd5 32. Bxd5 Rc7 33. Rc2 g5 34. Rxc5 Rxc5 35. e7 Re8 36. Bf7 Rc3+ 37. Kg2 Rc2+ 38. Kg3 Rc3+ 39. Kg2 Rcc8 40. fxg5 Kg7 41. Bh5 d3 42. Re5 h6 43. Bxe8 Rxe8 44. gxh6+ Kf6 45. Rd5 Rxe7 46. Rxd3 Kg5 47. Kf3 Rh7 48. Ra3 a6 49. Rb3 b5 50. a4 Rxh6 51. Kg2 bxa4 52. Rb4 Rh4 53. Rb6 a5 54. Rb5 Rb4 55. Rxa5 Kf4 56. Kf2 Rb2+ 57. Ke1 Ra2 58. Rb5 Ke4 59. Rb8 f4 60. Rc8 a3 61. Rc4+ Kf3 62. Rc8 Re2+ 63. Kf1 a2 64. Ra8 Rb2 65. Ra3+ Kg4 0-1